Fundamentals of building construction : (Record no. 352137)
[ view plain ]
| 000 -LEADER | |
|---|---|
| fixed length control field | 01023 a2200301 4500 |
| 003 - CONTROL NUMBER IDENTIFIER | |
| control field | OSt |
| 005 - DATE AND TIME OF LATEST TRANSACTION | |
| control field | 20180116192324.0 |
| 008 - FIXED-LENGTH DATA ELEMENTS--GENERAL INFORMATION | |
| fixed length control field | 120207t xxu||||| |||| 00| 0 eng d |
| 010 ## - LIBRARY OF CONGRESS CONTROL NUMBER | |
| LC control number | 2008036198 |
| 020 ## - INTERNATIONAL STANDARD BOOK NUMBER | |
| International Standard Book Number | 9780470074688 (cloth) |
| 020 ## - INTERNATIONAL STANDARD BOOK NUMBER | |
| International Standard Book Number | 047007468X (cloth) |
| 035 ## - SYSTEM CONTROL NUMBER | |
| System control number | (OCoLC)ocn209788024 |
| 035 ## - SYSTEM CONTROL NUMBER | |
| System control number | (OCoLC)209788024 |
| 040 ## - CATALOGING SOURCE | |
| Transcribing agency | 0 |
| 082 00 - DEWEY DECIMAL CLASSIFICATION NUMBER | |
| Classification number | 629 |
| 100 1# - MAIN ENTRY--PERSONAL NAME | |
| Personal name | Allen, Edward, |
| 9 (RLIN) | 5792 |
| 245 10 - TITLE STATEMENT | |
| Title | Fundamentals of building construction : |
| Remainder of title | materials and methods / |
| Statement of responsibility, etc. | Edward Allen and Joseph Iano. |
| 250 ## - EDITION STATEMENT | |
| Edition statement | 5th ed. |
| 260 ## - PUBLICATION, DISTRIBUTION, ETC. | |
| Place of publication, distribution, etc. | Hoboken, N.J. : |
| Name of publisher, distributor, etc. | Wiley, |
| Date of publication, distribution, etc. | c2009. |
| 300 ## - PHYSICAL DESCRIPTION | |
| Extent | xii, 996 p. : |
| Other physical details | ill. ; |
| Dimensions | 29 cm. |
| 650 #0 - SUBJECT ADDED ENTRY--TOPICAL TERM | |
| Topical term or geographic name entry element | Building. |
| 9 (RLIN) | 5793 |
| 650 #0 - SUBJECT ADDED ENTRY--TOPICAL TERM | |
| Topical term or geographic name entry element | Building materials. |
| 9 (RLIN) | 5794 |
| 700 1# - ADDED ENTRY--PERSONAL NAME | |
| Personal name | Iano, Joseph. |
| 9 (RLIN) | 5795 |
| 856 41 - ELECTRONIC LOCATION AND ACCESS | |
| Materials specified | Table of contents only |
| Uniform Resource Identifier | <a href="http://www.loc.gov/catdir/toc/ecip0826/2008036198.html">http://www.loc.gov/catdir/toc/ecip0826/2008036198.html</a> |
| 942 ## - ADDED ENTRY ELEMENTS (KOHA) | |
| Institution code [OBSOLETE] | SADA |
| Koha item type | Book |
| Call number prefix | 629 ALL 2009 |
| Source of classification or shelving scheme | |
| Withdrawn status | Lost status | Source of classification or shelving scheme | Damaged status | Not for loan | Permanent Location | Current Location | Date acquired | Total Checkouts | Total Renewals | Full call number | Barcode | Date last seen | Date last checked out | Copy number | Cost, replacement price | Price effective from | Koha item type |
|---|---|---|---|---|---|---|---|---|---|---|---|---|---|---|---|---|---|
| School of Art Design and Architecture (SADA) | School of Art Design and Architecture (SADA) | 08/30/2010 | 5 | 3 | 629 ALL 2009 | SADA0000063 | 05/28/2013 | 02/04/2013 | 03 | 0.00 | 08/05/2011 | Book | |||||
| School of Art Design and Architecture (SADA) | School of Art Design and Architecture (SADA) | 08/30/2010 | 6 | 4 | 629 ALL 2009 | SADA0000062 | 10/02/2013 | 09/13/2013 | 02 | 0.00 | 08/05/2011 | Book | |||||
| School of Art Design and Architecture (SADA) | School of Art Design and Architecture (SADA) | 06/11/2010 | 7 | 13 | 629 ALL 2009 | SADA0000009 | 12/15/2014 | 04/24/2014 | 01 | 8670.94 | 08/05/2011 | Book |
